[Event "CAN-op"]
[Site "Edmonton CAN"]
[Date "2009.07.16"]
[Round "6.42"]
[White "Wang, Richard"]
[Black "Ebrahim Shirazi, Behrooz"]
[Result "0-1"]
[WhiteElo "2045"]
[BlackElo "2075"]
[PlyCount "76"]
[GameId "2160767910156142"]
[EventDate "2009.07.11"]
[EventType "swiss"]
[EventRounds "9"]
[EventCountry "CAN"]
[SourceTitle "EXT 2022"]
[Source "ChessBase"]
[SourceDate "2021.10.06"]
[SourceVersion "1"]
[SourceVersionDate "2021.10.06"]
[SourceQuality "1"]

1. d4 d5 2. Nf3 c6 3. Bg5 h6 4. Bh4 Qb6 5. Qc1 g5 6. Bg3 g4 7. Ne5 Qxd4 8. c3 Qb6 9. e4 Nf6 10. exd5 cxd5 11. Bd3 Nc6 12. O-O h5 13. c4 Bh6 14. Qc3 d4 15. Qa3 h4 16. c5 Qc7 17. Nxf7 hxg3 18. Nxh8 gxf2+ 19. Kh1 Be3 20. Qb3 e6 21. Na3 Qg7 22. Nc4 Qxh8 23. Nxe3 g3 24. h3 dxe3 25. Bg6+ Ke7 26. Qxe3 Qh4 27. Qd3 Kf8 28. Rac1 e5 29. Rc3 Nd4 30. Qxg3 Qxg3 31. Rxg3 Ne2 32. Rf3 Kg7 33. R1xf2 Nf4 34. Bc2 Be6 35. Bb3 Bd7 36. Re3 Re8 37. g4 Bc6+ 38. Kh2 Nxg4+ 0-1

[Event "CAN-op"]
[Site "Edmonton CAN"]
[Date "2009.07.18"]
[Round "8.38"]
[White "Wang, Richard"]
[Black "Farine, Jonathan"]
[Result "1-0"]
[WhiteElo "2045"]
[BlackElo "1932"]
[PlyCount "57"]
[GameId "2160767910156278"]
[EventDate "2009.07.11"]
[EventType "swiss"]
[EventRounds "9"]
[EventCountry "CAN"]

1. d4 Nf6 2. Nf3 d5 3. Bg5 e6 4. Nbd2 Be7 5. e3 b6 6. c3 Nbd7 7. Bd3 Bb7 8. O-O Ne4 9. Bxe7 Qxe7 10. Ne5 Nxe5 11. dxe5 O-O 12. f4 f6 13. Bxe4 dxe4 14. exf6 gxf6 15. f5 Kh8 16. Qg4 Rg8 17. Qf4 exf5 18. Qxf5 Rg6 19. Rf2 Rag8 20. Nf1 Rg5 21. Qf4 Rg4 22. Qh6 R8g6 23. Qh5 Qg7 24. Ng3 Qg8 25. Qb5 a6 26. Qe2 Bc8 27. b3 h6 28. Raf1 Qg7 29. Nh5 1-0

[Event "Edmonton ch"]
[Site "Edmonton CAN"]
[Date "2009.01.08"]
[Round "1.1"]
[White "Wang, Richard"]
[Black "Zeggelaar, Mike"]
[Result "1-0"]
[WhiteElo "2005"]
[BlackElo "1858"]
[PlyCount "87"]
[GameId "2160767910273340"]
[EventDate "2009.01.08"]
[EventType "k.o."]
[EventRounds "4"]
[EventCountry "CAN"]

1. d4 Nf6 2. Nf3 c5 3. c3 cxd4 4. cxd4 d5 5. Nc3 Nc6 6. Ne5 e6 7. Be3 Be7 8. Nxc6 bxc6 9. Bg5 Ba6 10. g3 Rb8 11. Rb1 O-O 12. Bg2 c5 13. O-O cxd4 14. Qxd4 Qd7 15. Rfd1 Rb4 16. Qd2 Rd8 17. a3 Rc4 18. e3 h6 19. Bf4 d4 20. exd4 Rxd4 21. Qxd4 Qxd4 22. Rxd4 Rxd4 23. Be3 Rd7 24. b4 Ng4 25. Bf4 g5 26. Bb8 Bf6 27. Ne4 Bd4 28. h3 Bd3 29. Rc1 Bxe4 30. Rc8+ Kg7 31. Bxe4 Nxf2 32. Bc6 Re7 33. Kg2 e5 34. Bd6 Re6 35. Bc5 Bxc5 36. bxc5 Nd3 37. Be4 Nb2 38. c6 Na4 39. c7 Nb6 40. Rb8 Re7 41. c8=Q Nxc8 42. Rxc8 Kf6 43. g4 Ke6 44. Rc6+ 1-0

[Event "Edmonton ch"]
[Site "Edmonton CAN"]
[Date "2009.01.15"]
[Round "1.2"]
[White "Zeggelaar, Mike"]
[Black "Wang, Richard"]
[Result "0-1"]
[WhiteElo "1858"]
[BlackElo "2005"]
[PlyCount "34"]
[GameId "2160767910273350"]
[EventDate "2009.01.08"]
[EventType "k.o."]
[EventRounds "4"]
[EventCountry "CAN"]

1. d4 Nf6 2. Nf3 e6 3. e3 c5 4. b3 Be7 5. Bd3 d5 6. Bb2 Nbd7 7. O-O O-O 8. Nbd2 Qc7 9. Ne5 b6 10. f4 Bb7 11. Qf3 c4 12. bxc4 dxc4 13. Be4 Nxe4 14. Nxe4 f5 15. Nxd7 Bxe4 16. Qg3 Qxd7 17. d5 Bf6 0-1

[Event "Edmonton ch"]
[Site "Edmonton CAN"]
[Date "2009.01.22"]
[Round "2.1"]
[White "Wang, Richard"]
[Black "Gardner, Robert"]
[Result "1/2-1/2"]
[WhiteElo "2005"]
[BlackElo "2254"]
[PlyCount "84"]
[GameId "2160767910273354"]
[EventDate "2009.01.08"]
[EventType "k.o."]
[EventRounds "4"]
[EventCountry "CAN"]

1. d4 Nf6 2. Nf3 e6 3. Bg5 h6 4. Bxf6 Qxf6 5. e4 d6 6. Nc3 g6 7. Bb5+ Nd7 8. O-O a6 9. e5 Qe7 10. Ba4 Bg7 11. Re1 O-O 12. Qd2 b5 13. Bb3 Bb7 14. exd6 cxd6 15. Ne4 Nf6 16. Ng3 Bxf3 17. gxf3 d5 18. c3 Qd8 19. a4 Rb8 20. axb5 axb5 21. Bc2 Nh7 22. b4 Qh4 23. Qe3 Ng5 24. Kg2 h5 25. Ra7 Bh6 26. Kh1 Kh7 27. f4 Nh3 28. Qxe6 Kh8 29. Qxd5 Nxf2+ 30. Kg2 Ng4 31. h3 Bxf4 32. Qf3 Nf6 33. Ree7 Nd5 34. Rxf7 Rxf7 35. Rxf7 Re8 36. Be4 Ne3+ 37. Kf2 Rxe4 38. Qxe4 Qxg3+ 39. Ke2 Qh2+ 40. Kf3 Qg3+ 41. Ke2 Qh2+ 42. Kf3 Qg3+ 1/2-1/2

[Event "Edmonton ch"]
[Site "Edmonton CAN"]
[Date "2009.01.27"]
[Round "2.2"]
[White "Gardner, Robert"]
[Black "Wang, Richard"]
[Result "1-0"]
[WhiteElo "2254"]
[BlackElo "2005"]
[PlyCount "69"]
[GameId "2160767910273355"]
[EventDate "2009.01.08"]
[EventType "k.o."]
[EventRounds "4"]
[EventCountry "CAN"]

1. d4 Nf6 2. Nf3 e6 3. e3 c5 4. c4 b6 5. Nc3 Bb7 6. d5 exd5 7. cxd5 d6 8. e4 Nbd7 9. Bg5 Be7 10. h3 O-O 11. Qd2 Ne5 12. Nxe5 dxe5 13. h4 Ne8 14. g3 Nd6 15. Be3 f5 16. O-O-O Bf6 17. Bd3 c4 18. Bc2 b5 19. exf5 Rc8 20. Ne4 Nxf5 21. Nc5 Nxe3 22. Nxb7 Qb6 23. Qxe3 Qxb7 24. Qe4 g6 25. g4 c3 26. g5 Bh8 27. Bb3 Rf7 28. h5 gxh5 29. g6 hxg6 30. Qxg6+ Bg7 31. d6 Rc4 32. d7 Rxd7 33. Qe8+ Bf8 34. Qxd7 cxb2+ 35. Kxb2 1-0

[Event "Edmonton ch reserves"]
[Site "Edmonton CAN"]
[Date "2009.02.05"]
[Round "5"]
[White "Wang, Richard"]
[Black "Rekhson, Vladislav"]
[Result "1/2-1/2"]
[WhiteElo "2008"]
[BlackElo "2157"]
[PlyCount "35"]
[GameId "2160767910273403"]
[EventDate "2009.01.08"]
[EventType "swiss"]
[EventRounds "7"]
[EventCountry "CAN"]
[SourceTitle "EXT 2011"]
[Source "ChessBase"]
[SourceDate "2011.11.26"]
[SourceVersion "1"]
[SourceVersionDate "2011.11.26"]
[SourceQuality "1"]

1. d4 Nf6 2. Nf3 d5 3. Bg5 e6 4. e3 c5 5. c3 Be7 6. Ne5 O-O 7. Nd2 Nc6 8. Bd3 Nxe5 9. dxe5 Nd7 10. Bf4 f5 11. exf6 Bxf6 12. Qf3 Qe8 13. Qh3 g6 14. Bd6 Rf7 15. Bb5 c4 16. e4 a6 17. Bxd7 Bxd7 18. e5 1/2-1/2

[Event "Edmonton ch reserves"]
[Site "Edmonton CAN"]
[Date "2009.02.12"]
[Round "6"]
[White "Pavlic, Stephen"]
[Black "Wang, Richard"]
[Result "0-1"]
[WhiteElo "1398"]
[BlackElo "1998"]
[PlyCount "56"]
[GameId "2160767910273408"]
[EventDate "2009.01.08"]
[EventType "swiss"]
[EventRounds "7"]
[EventCountry "CAN"]
[SourceTitle "EXT 2011"]
[Source "ChessBase"]
[SourceDate "2011.11.26"]
[SourceVersion "1"]
[SourceVersionDate "2011.11.26"]
[SourceQuality "1"]

1. e4 c5 2. Nf3 d6 3. Bb5+ Bd7 4. Bxd7+ Qxd7 5. d3 Nf6 6. Nc3 Nc6 7. b3 g6 8. Bb2 Bg7 9. O-O O-O 10. Qd2 a6 11. a3 b5 12. Rab1 Rab8 13. Rfe1 Ng4 14. h3 Nge5 15. Nxe5 Nxe5 16. Ne2 f5 17. f4 Nc6 18. Bxg7 Kxg7 19. Ng3 fxe4 20. dxe4 Qe6 21. Rf1 Nd4 22. b4 Qa2 23. bxc5 dxc5 24. Ra1 Qxc2 25. Qxc2 Nxc2 26. Rac1 Nxa3 27. Rxc5 b4 28. Ra1 b3 0-1

[Event "Edmonton ch reserves"]
[Site "Edmonton CAN"]
[Date "2009.02.19"]
[Round "7"]
[White "MacLeod, Damon"]
[Black "Wang, Richard"]
[Result "1-0"]
[WhiteElo "1653"]
[BlackElo "1998"]
[PlyCount "63"]
[GameId "2160767910273419"]
[EventDate "2009.01.08"]
[EventType "swiss"]
[EventRounds "7"]
[EventCountry "CAN"]
[SourceTitle "EXT 2011"]
[Source "ChessBase"]
[SourceDate "2011.11.26"]
[SourceVersion "1"]
[SourceVersionDate "2011.11.26"]
[SourceQuality "1"]

1. e4 c5 2. Nf3 d6 3. Bb5+ Bd7 4. Bxd7+ Qxd7 5. O-O Nc6 6. Qe2 Nf6 7. Rd1 g6 8. c3 Bg7 9. d4 cxd4 10. cxd4 O-O 11. Nc3 Rfd8 12. d5 Nb4 13. a3 Na6 14. Be3 Ng4 15. Bd4 Bxd4 16. Nxd4 Rdc8 17. h3 Ne5 18. f4 Nc4 19. Rac1 Nb6 20. f5 Na4 21. Rd3 Nxc3 22. bxc3 Qa4 23. Rg3 Qxa3 24. Qe3 Kh8 25. fxg6 Rg8 26. Qh6 fxg6 27. Rf1 Rg7 28. Ne6 Rag8 29. Nxg7 Qc5+ 30. Kh2 b5 31. Ne6 Qxc3 32. Rf7 1-0

[Event "Obama op"]
[Site "Edmonton CAN"]
[Date "2008.11.06"]
[Round "1"]
[White "Gardner, Robert"]
[Black "Wang, Richard"]
[Result "1-0"]
[WhiteElo "2264"]
[BlackElo "1941"]
[PlyCount "93"]
[GameId "2160767910294449"]
[EventDate "2008.11.06"]
[EventType "swiss"]
[EventRounds "4"]
[EventCountry "CAN"]
[SourceTitle "EXT 2022"]
[Source "ChessBase"]
[SourceDate "2021.10.06"]
[SourceVersion "1"]
[SourceVersionDate "2021.10.06"]
[SourceQuality "1"]

1. f4 d5 2. Nf3 Nf6 3. e3 e6 4. b3 Be7 5. Bb2 b6 6. Be2 O-O 7. O-O Bb7 8. Ne5 Nbd7 9. Rf3 d4 10. Bxd4 c5 11. Bb2 Nxe5 12. Bxe5 Bxf3 13. Bxf3 Rc8 14. Bb7 Rc7 15. Bxc7 Qxc7 16. Bf3 Rd8 17. Nc3 Qd7 18. d3 Nd5 19. Nxd5 exd5 20. Qd2 f5 21. Rd1 b5 22. Qa5 Qe6 23. Kf2 a6 24. Re1 Bf6 25. a4 bxa4 26. Qxa4 Bc3 27. Re2 Qd6 28. g3 g6 29. Kg2 Qb6 30. e4 fxe4 31. dxe4 d4 32. e5 Kf7 33. Qc4+ Ke7 34. Qd3 Qb5 35. f5 Qxd3 36. f6+ Kf7 37. cxd3 a5 38. Bc6 Ke6 39. Bb5 Kf7 40. Bc4+ Ke8 41. e6 Rd6 42. Bb5+ Kf8 43. e7+ Kf7 44. e8=Q+ Kxf6 45. Qf8+ Kg5 46. Qf4+ Kh5 47. Qh4# 1-0

[Event "Obama op"]
[Site "Edmonton CAN"]
[Date "2008.11.13"]
[Round "2"]
[White "Wang, Richard"]
[Black "Sponga, George"]
[Result "1-0"]
[WhiteElo "1941"]
[BlackElo "1622"]
[PlyCount "87"]
[GameId "2160767910294463"]
[EventDate "2008.11.06"]
[EventType "swiss"]
[EventRounds "4"]
[EventCountry "CAN"]
[SourceTitle "EXT 2022"]
[Source "ChessBase"]
[SourceDate "2021.10.06"]
[SourceVersion "1"]
[SourceVersionDate "2021.10.06"]
[SourceQuality "1"]

1. d4 e6 2. Nf3 d6 3. c3 h6 4. e3 a6 5. Bd3 Be7 6. Nbd2 Nf6 7. O-O b6 8. Qe2 Bb7 9. a4 Nbd7 10. b4 O-O 11. Bc2 Nh7 12. Bb2 Ng5 13. Nxg5 Bxg5 14. f4 Be7 15. e4 f5 16. exf5 exf5 17. Qe6+ Kh8 18. Bxf5 Bc8 19. Qg6 Nf6 20. Bd3 d5 21. Rae1 Bd7 22. Rf3 Be8 23. Qg3 Nh5 24. Qf2 Bh4 25. g3 Be7 26. Rfe3 Bd6 27. Bc2 Nf6 28. Qe2 Bf7 29. Qd3 g6 30. Nf3 Ne4 31. Ne5 Bxe5 32. dxe5 Be6 33. Qe2 Bf5 34. c4 c6 35. e6+ Kh7 36. Bxe4 Bxe4 37. Rxe4 dxe4 38. Rd1 Qxd1+ 39. Qxd1 Rad8 40. Qe2 Rd3 41. Qxe4 Rfd8 42. Qxd3 Rxd3 43. e7 Re3 44. Be5 1-0

[Event "Halloween op"]
[Site "Edmonton CAN"]
[Date "2008.10.02"]
[Round "1"]
[White "Hughey, Micah"]
[Black "Wang, Richard"]
[Result "1-0"]
[WhiteElo "2226"]
[BlackElo "1871"]
[PlyCount "81"]
[GameId "2160767910311394"]
[EventDate "2008.10.02"]
[EventType "swiss"]
[EventRounds "5"]
[EventCountry "CAN"]
[SourceTitle "EXT 2011"]
[Source "ChessBase"]
[SourceDate "2011.11.26"]
[SourceVersion "1"]
[SourceVersionDate "2011.11.26"]
[SourceQuality "1"]

1. e4 c5 2. c3 d5 3. exd5 Qxd5 4. d4 e6 5. Nf3 Nf6 6. Be3 Nbd7 7. Nbd2 Be7 8. Bc4 Qc6 9. O-O O-O 10. Qe2 a6 11. a4 b6 12. dxc5 Bxc5 13. Nd4 Bxd4 14. Bxd4 Bb7 15. f3 Rfe8 16. Bd3 e5 17. Bf2 Nc5 18. Bc2 Nd5 19. Rfd1 Nf4 20. Qc4 Qc8 21. b4 Bd5 22. Qf1 Nd7 23. c4 Bb7 24. Ne4 Bxe4 25. Bxe4 Rb8 26. Rd6 Re6 27. Rad1 Rxd6 28. Rxd6 Nf6 29. Bxb6 Qe8 30. Bc6 Qe7 31. Bc5 Qc7 32. Qa1 Ne2+ 33. Kf1 Nd4 34. b5 axb5 35. axb5 Nb3 36. Qa7 Qc8 37. Bb6 Qf8 38. Bc7 Rc8 39. b6 Ne8 40. Bxe8 Rxe8 41. b7 1-0

[Event "Halloween op"]
[Site "Edmonton CAN"]
[Date "2008.10.09"]
[Round "2"]
[White "Wang, Richard"]
[Black "Seehagen, Terry"]
[Result "1-0"]
[WhiteElo "1871"]
[BlackElo "1658"]
[PlyCount "61"]
[GameId "2160767910311410"]
[EventDate "2008.10.02"]
[EventType "swiss"]
[EventRounds "5"]
[EventCountry "CAN"]
[SourceTitle "EXT 2011"]
[Source "ChessBase"]
[SourceDate "2011.11.26"]
[SourceVersion "1"]
[SourceVersionDate "2011.11.26"]
[SourceQuality "1"]

1. d4 Nf6 2. Nf3 c5 3. c3 d5 4. e3 c4 5. Nbd2 Bf5 6. Nh4 Bd7 7. b3 b5 8. e4 e6 9. e5 Ne4 10. Nxe4 Qxh4 11. Ng3 Be7 12. Be2 O-O 13. O-O f5 14. Nh5 g5 15. g3 Qh3 16. Bf3 Be8 17. Nf6+ Bxf6 18. exf6 h6 19. Qe2 Bf7 20. bxc4 bxc4 21. Ba3 Re8 22. Rab1 Nd7 23. Rb7 Nxf6 24. Qe5 Ng4 25. Bxg4 Qxg4 26. Rfb1 f4 27. Rd7 Qf5 28. Rbb7 Qd3 29. Rxf7 Qd1+ 30. Kg2 f3+ 31. Rxf3 1-0

[Event "Halloween op"]
[Site "Edmonton CAN"]
[Date "2008.10.16"]
[Round "3"]
[White "Camphaug, Lincoln"]
[Black "Wang, Richard"]
[Result "0-1"]
[WhiteElo "1620"]
[BlackElo "1871"]
[PlyCount "96"]
[GameId "2160767910311412"]
[EventDate "2008.10.02"]
[EventType "swiss"]
[EventRounds "5"]
[EventCountry "CAN"]
[SourceTitle "EXT 2011"]
[Source "ChessBase"]
[SourceDate "2011.11.26"]
[SourceVersion "1"]
[SourceVersionDate "2011.11.26"]
[SourceQuality "1"]

1. e4 c5 2. Nf3 d6 3. d4 cxd4 4. Nxd4 Nf6 5. Nc3 g6 6. Bg5 Bg7 7. Qd2 Nc6 8. Nb3 O-O 9. Bh6 Be6 10. Bxg7 Kxg7 11. Nd4 Bd7 12. h4 h5 13. Be2 Qb6 14. O-O-O Rac8 15. f3 Ne5 16. Nd5 Nxd5 17. exd5 a5 18. Rhg1 Rh8 19. Rh1 a4 20. a3 Rc5 21. f4 Ng4 22. Bxg4 Bxg4 23. Nf3 Rhc8 24. Qd4+ Kg8 25. Rd2 Bxf3 26. gxf3 Rxc2+ 27. Kb1 Qb3 28. Rxc2 Qxc2+ 29. Ka1 Qc4 30. Rd1 Rc5 31. Kb1 b5 32. Qd2 Kf8 33. Qd4 Qxd4 34. Rxd4 Ke8 35. Ka2 Rc4 36. Rxc4 bxc4 37. Kb1 e6 38. dxe6 fxe6 39. Kc2 d5 40. Kc3 Kd7 41. Kd4 Kd6 42. Kc3 Kc5 43. Kd2 Kd4 44. Ke2 c3 45. bxc3+ Kxc3 46. Ke3 d4+ 47. Ke4 d3 48. Ke5 d2 0-1

[Event "Halloween op"]
[Site "Edmonton CAN"]
[Date "2008.10.23"]
[Round "4"]
[White "Wang, Richard"]
[Black "Pedersen, Rick"]
[Result "1-0"]
[WhiteElo "1871"]
[BlackElo "1885"]
[PlyCount "105"]
[GameId "2160767910311434"]
[EventDate "2008.10.02"]
[EventType "swiss"]
[EventRounds "5"]
[EventCountry "CAN"]
[SourceTitle "EXT 2011"]
[Source "ChessBase"]
[SourceDate "2011.11.26"]
[SourceVersion "1"]
[SourceVersionDate "2011.11.26"]
[SourceQuality "1"]

1. d4 Nf6 2. Nf3 g6 3. Bg5 Bg7 4. c3 d5 5. e3 Bg4 6. Bd3 Nbd7 7. Nbd2 c6 8. h3 Bf5 9. Bxf5 gxf5 10. O-O Ne4 11. Bh4 Qc7 12. Nxe4 fxe4 13. Nd2 Nf6 14. c4 e6 15. f3 exf3 16. Qxf3 Ne4 17. Nxe4 dxe4 18. Qxe4 O-O 19. Bf6 Kh8 20. Bxg7+ Kxg7 21. Qf4 Qe7 22. Rf3 f6 23. Raf1 Rf7 24. c5 Rd8 25. Qg4+ Kh8 26. Qh4 Rdf8 27. Qf4 Kg7 28. g4 e5 29. Qe4 exd4 30. Qxe7 Rxe7 31. exd4 h6 32. b4 Re4 33. Rf4 Re2 34. R1f2 Rxf2 35. Kxf2 a5 36. Re4 axb4 37. Re7+ Rf7 38. Rxf7+ Kxf7 39. Ke3 Kg6 40. Kd3 Kg5 41. Kc4 Kh4 42. Kxb4 Kxh3 43. a4 Kxg4 44. a5 h5 45. a6 bxa6 46. d5 h4 47. dxc6 h3 48. c7 h2 49. c8=Q+ f5 50. Qa8 Kg3 51. Qh1 f4 52. c6 f3 53. c7 1-0

[Event "Halloween op"]
[Site "Edmonton CAN"]
[Date "2008.10.30"]
[Round "5"]
[White "Wang, Richard"]
[Black "Newton, Geoff"]
[Result "0-1"]
[WhiteElo "1871"]
[BlackElo "1895"]
[PlyCount "130"]
[GameId "2160767910311442"]
[EventDate "2008.10.02"]
[EventType "swiss"]
[EventRounds "5"]
[EventCountry "CAN"]
[SourceTitle "EXT 2011"]
[Source "ChessBase"]
[SourceDate "2011.11.26"]
[SourceVersion "1"]
[SourceVersionDate "2011.11.26"]
[SourceQuality "1"]

1. d4 d5 2. Nf3 Nf6 3. Bg5 e6 4. e3 c6 5. Bd3 Nbd7 6. c3 Bd6 7. Nbd2 Qc7 8. O-O O-O 9. Qc2 h6 10. Bh4 b6 11. Rae1 Bb7 12. Qd1 c5 13. Bg3 Bxg3 14. hxg3 Rad8 15. Qb1 e5 16. dxe5 Nxe5 17. Nxe5 Qxe5 18. Nf3 Qh5 19. Be2 Bc8 20. Qd1 Rfe8 21. Nh2 Qg6 22. Bd3 Bf5 23. Bxf5 Qxf5 24. Qf3 Qc2 25. Qe2 Qxe2 26. Rxe2 d4 27. cxd4 cxd4 28. Rd1 dxe3 29. Rxd8 exf2+ 30. Kxf2 Rxd8 31. Nf1 Kf8 32. Kf3 Rd1 33. Ne3 Rd3 34. Kf4 Nh5+ 35. Kf3 g6 36. g4 Nf6 37. Kf4 Rd4+ 38. Kf3 Kg7 39. g3 Nd7 40. Nc2 Rc4 41. Ne1 Kf6 42. Nd3 Rd4 43. Re3 Rxd3 44. Rxd3 Ne5+ 45. Ke4 Nxd3 46. Kxd3 Kg5 47. Ke3 Kxg4 48. Kf2 f5 49. b4 f4 50. gxf4 Kxf4 51. b5 Ke4 52. a4 Kd4 53. Kf3 Kc5 54. Ke4 h5 55. Kf4 Kb4 56. Kg5 Kxa4 57. Kh4 Kxb5 58. Kg5 a5 59. Kh4 a4 60. Kg5 a3 61. Kh4 a2 62. Kg5 a1=Q 63. Kh4 Qg1 64. Kh3 Kc5 65. Kh4 Qg4# 0-1

[Event "Back To School op"]
[Site "Edmonton CAN"]
[Date "2008.09.04"]
[Round "1"]
[White "Rekhson, Vladislav"]
[Black "Wang, Richard"]
[Result "1-0"]
[WhiteElo "2195"]
[BlackElo "1866"]
[PlyCount "131"]
[GameId "2160767910319928"]
[EventDate "2008.09.04"]
[EventType "swiss"]
[EventRounds "4"]
[EventCountry "CAN"]
[SourceTitle "EXT 2011"]
[Source "ChessBase"]
[SourceDate "2011.11.26"]
[SourceVersion "1"]
[SourceVersionDate "2011.11.26"]
[SourceQuality "1"]

1. e4 c5 2. Nf3 d6 3. d4 cxd4 4. Qxd4 Nc6 5. Bb5 Bd7 6. Bxc6 Bxc6 7. Nc3 Nf6 8. Bg5 e6 9. O-O-O Be7 10. Kb1 O-O 11. Qd3 Rc8 12. h4 b5 13. Nd4 a6 14. f4 Ng4 15. Nxc6 Rxc6 16. Qf3 h5 17. Ne2 Rc4 18. b3 Rc8 19. Bxe7 Qxe7 20. f5 e5 21. Rd2 Rc6 22. Nc3 Rfc8 23. Nd5 Qd8 24. g3 Kf8 25. Rhd1 Qa5 26. Qe2 b4 27. f6 gxf6 28. Rf1 Rc3 29. Nxf6 Re3 30. Qd1 Rxg3 31. Nxg4 Rxg4 32. Rdf2 Rg7 33. Qxd6+ Kg8 34. Rxf7 Rxf7 35. Rxf7 Kxf7 36. Qd7+ Kf6 37. Qxc8 Qb6 38. Qf5+ Kg7 39. Qxe5+ Kf8 40. Qh8+ Ke7 41. Qg7+ Ke8 42. Qh8+ Ke7 43. Qe5+ Kf8 44. Qf4+ Kg8 45. e5 Qg1+ 46. Kb2 Qg7 47. Qc4+ Kh7 48. Qxb4 Qxe5+ 49. Qc3 Qf4 50. Qd3+ Kh6 51. Qxa6+ Kh7 52. Qb7+ Kg6 53. Qc6+ Kf7 54. Qc4+ Qxc4 55. bxc4 Ke6 56. a4 Kd6 57. a5 Kc6 58. Kb3 Kb7 59. c5 Ka6 60. c6 Kxa5 61. c7 Ka6 62. c8=Q+ Ka5 63. Kc4 Kb6 64. Qd7 Ka6 65. Kc5 Ka5 66. Qa7# 1-0

[Event "Back To School op"]
[Site "Edmonton CAN"]
[Date "2008.09.11"]
[Round "2"]
[White "Wang, Richard"]
[Black "MacLeod, Damon"]
[Result "1-0"]
[WhiteElo "1866"]
[BlackElo "1621"]
[PlyCount "33"]
[GameId "2160767910319946"]
[EventDate "2008.09.04"]
[EventType "swiss"]
[EventRounds "4"]
[EventCountry "CAN"]
[SourceTitle "EXT 2011"]
[Source "ChessBase"]
[SourceDate "2011.11.26"]
[SourceVersion "1"]
[SourceVersionDate "2011.11.26"]
[SourceQuality "1"]

1. d4 d5 2. Nf3 Bf5 3. e3 Nf6 4. Bd3 Bxd3 5. Qxd3 c6 6. c3 Nbd7 7. Nbd2 e6 8. O-O Bd6 9. Re1 O-O 10. e4 dxe4 11. Nxe4 Nxe4 12. Rxe4 Nf6 13. Rh4 c5 14. Bg5 g6 15. Rd1 cxd4 16. Rxd4 Qc7 17. Bxf6 1-0

[Event "Back To School op"]
[Site "Edmonton CAN"]
[Date "2008.09.18"]
[Round "3"]
[White "Laboucane, Randy"]
[Black "Wang, Richard"]
[Result "1/2-1/2"]
[WhiteElo "1886"]
[BlackElo "1866"]
[PlyCount "96"]
[GameId "2160767910319950"]
[EventDate "2008.09.04"]
[EventType "swiss"]
[EventRounds "4"]
[EventCountry "CAN"]
[SourceTitle "EXT 2011"]
[Source "ChessBase"]
[SourceDate "2011.11.26"]
[SourceVersion "1"]
[SourceVersionDate "2011.11.26"]
[SourceQuality "1"]

1. d4 Nf6 2. Nf3 e6 3. Bf4 c5 4. e3 Nc6 5. c3 b6 6. Bd3 Bb7 7. O-O Be7 8. Qc2 Rc8 9. Bg5 cxd4 10. exd4 Nb4 11. Qe2 Nxd3 12. Qxd3 h6 13. Bh4 Be4 14. Qe2 Bh7 15. Nbd2 O-O 16. h3 Qc7 17. a4 d5 18. Bg3 Qb7 19. Ne5 Rfe8 20. Ng4 Nxg4 21. Qxg4 Bf5 22. Qe2 Bf8 23. Bf4 Qe7 24. g4 Bh7 25. Nf3 g5 26. Bg3 Bg7 27. Rfe1 f5 28. Be5 fxg4 29. hxg4 Be4 30. Bxg7 Bxf3 31. Qxf3 Kxg7 32. Re5 Qf6 33. Qe3 a5 34. Re1 Kf7 35. Qd3 Re7 36. R1e3 Kg7 37. Rf3 Qg6 38. Qe2 Rce8 39. Qb5 Qc2 40. Re2 Qd1+ 41. Kg2 Rf8 42. Rfe3 Rf4 43. f3 Rf6 44. Re1 Qd2+ 45. R1e2 Qd1 46. Qxb6 Rxf3 47. Re1 Qd2+ 48. R1e2 Qd1 1/2-1/2

[Event "Back To School op"]
[Site "Edmonton CAN"]
[Date "2008.09.25"]
[Round "4"]
[White "Wang, Richard"]
[Black "Pechenkin, Vladimir"]
[Result "0-1"]
[WhiteElo "1866"]
[BlackElo "2307"]
[PlyCount "44"]
[GameId "2160767910328161"]
[EventDate "2008.09.04"]
[EventType "swiss"]
[EventRounds "4"]
[EventCountry "CAN"]
[SourceTitle "EXT 2011"]
[Source "ChessBase"]
[SourceDate "2011.11.26"]
[SourceVersion "1"]
[SourceVersionDate "2011.11.26"]
[SourceQuality "1"]

1. d4 f5 2. Nf3 Nf6 3. Bg5 e6 4. e3 b6 5. Nbd2 Bb7 6. Bd3 Be7 7. c3 O-O 8. O-O h6 9. Bxf6 Bxf6 10. e4 g6 11. Ne5 Bxe5 12. dxe5 f4 13. Qg4 Kg7 14. g3 Qg5 15. Qxg5 hxg5 16. Bb5 a6 17. Ba4 b5 18. Bb3 Nc6 19. Nf3 g4 20. Ng5 Nxe5 21. Bc2 f3 22. Rad1 Rh8 0-1

[Event "Ottosen op"]
[Site "Edmonton CAN"]
[Date "2008.08.21"]
[Round "3"]
[White "Razzaq, Ali"]
[Black "Wang, Richard"]
[Result "0-1"]
[WhiteElo "1847"]
[BlackElo "1830"]
[PlyCount "90"]
[GameId "2160767910336799"]
[EventDate "2008.08.07"]
[EventType "swiss"]
[EventRounds "4"]
[EventCountry "CAN"]
[SourceTitle "EXT 2011"]
[Source "ChessBase"]
[SourceDate "2011.11.26"]
[SourceVersion "1"]
[SourceVersionDate "2011.11.26"]
[SourceQuality "1"]

1. d4 Nf6 2. c4 c5 3. d5 b5 4. cxb5 a6 5. bxa6 Bxa6 6. Nc3 d6 7. g3 g6 8. Bg2 Bg7 9. Nf3 Nbd7 10. O-O O-O 11. Re1 Ng4 12. Rb1 Nge5 13. Nxe5 Nxe5 14. Ne4 Qb6 15. Bg5 Ra7 16. Qc1 f5 17. Nc3 Nc4 18. b3 Qa5 19. Na4 Bb5 20. Nxc5 Na3 21. Bd2 Qb6 22. Ne6 Nxb1 23. Be3 Qa5 24. Nxf8 Ra8 25. Ne6 Bc3 26. Rf1 Bxe2 27. Qxb1 Bxf1 28. Bxf1 Qxa2 29. Qxa2 Rxa2 30. Kg2 Kf7 31. Nd8+ Kf6 32. h4 Kg7 33. Bc4 Rb2 34. Kf3 Kf8 35. Nc6 Ke8 36. Kf4 Bf6 37. b4 Kd7 38. b5 Kc7 39. Kf3 Kb7 40. Kg2 h5 41. Kf3 Ka8 42. Nd8 e5 43. dxe6 Bxd8 44. Bg5 Bb6 45. e7 Rxf2# 0-1

[Event "Ottosen op"]
[Site "Edmonton CAN"]
[Date "2008.08.28"]
[Round "4"]
[White "Laboucane, Randy"]
[Black "Wang, Richard"]
[Result "1/2-1/2"]
[WhiteElo "1865"]
[BlackElo "1830"]
[PlyCount "42"]
[GameId "2160767910336805"]
[EventDate "2008.08.07"]
[EventType "swiss"]
[EventRounds "4"]
[EventCountry "CAN"]
[SourceTitle "EXT 2011"]
[Source "ChessBase"]
[SourceDate "2011.11.26"]
[SourceVersion "1"]
[SourceVersionDate "2011.11.26"]
[SourceQuality "1"]

1. d4 Nf6 2. Nf3 e6 3. Bf4 c5 4. e3 Nc6 5. c3 Be7 6. Nbd2 b6 7. Bd3 Bb7 8. Qc2 Rc8 9. a3 d6 10. Rd1 O-O 11. Bg5 h6 12. h4 Ng4 13. d5 Nce5 14. Nxe5 Nxe5 15. Bh7+ Kh8 16. dxe6 fxe6 17. Ne4 Bxe4 18. Qxe4 hxg5 19. hxg5 Bxg5 20. f4 Bh6 21. fxe5 d5 1/2-1/2